Normal view
MARC view
Entry Personal Name
001 - CONTROL NUMBER
- control field: 28858
003 - CONTROL NUMBER IDENTIFIER
- control field: ARRUPE
005 - DATE AND TIME OF LATEST TRANSACTION
- control field: 20170216094434.0
008 - FIXED-LENGTH DATA ELEMENTS
- fixed length control field: 170216|| aca||aabn | a|a d
040 ## - CATALOGING SOURCE
- Original cataloging agency: ARRUPE
- Transcribing agency: ARRUPE
100 ## - HEADING--PERSONAL NAME
- Personal name: Malinowski, Bronislaw,
- Dates associated with a name: 1884-1942.
670 ## - SOURCE DATA FOUND
- Source citation: Work cat.: (ARRUPE)0: Gluckman, Max, 1911-1975. 28855, An analysis of the sociological theories of Bronislaw Malinowski., 1949.